<?xml version="1.0" encoding="UTF-8"?>
<collection xmlns="http://www.loc.gov/MARC21/slim">
  <record>
    <leader>00000nam  2200000   4500</leader>
    <controlfield tag="001">INLIS000000000002709</controlfield>
    <controlfield tag="005">20180724150259</controlfield>
    <controlfield tag="008">180724|||||||||   |   |||   |||| ||   | </controlfield>
    <datafield tag="035" ind1=" " ind2=" ">
      <subfield code="0">010-0718002709</subfield>
    </datafield>
    <datafield tag="041" ind1=" " ind2=" ">
      <subfield code="a">id</subfield>
    </datafield>
    <datafield tag="082" ind1=" " ind2=" ">
      <subfield code="a">R. 061</subfield>
    </datafield>
    <datafield tag="090" ind1=" " ind2=" ">
      <subfield code="a">R. 061 PIM I Angkatan XXXVII 2017</subfield>
    </datafield>
    <datafield tag="100" ind1=" " ind2=" ">
      <subfield code="a">Mulyana, Aan Jumhana</subfield>
    </datafield>
    <datafield tag="245" ind1=" " ind2=" ">
      <subfield code="a">Revitalisasi Keluarga Sejahter Dan Pengembangan Pusat Pelayanan Keluarga Sejahtera Di Kampung KB Provinsi Banten</subfield>
    </datafield>
    <datafield tag="260" ind1=" " ind2=" ">
      <subfield code="a">Jakarta</subfield>
      <subfield code="b">LAN Jakarta</subfield>
      <subfield code="c">2017</subfield>
    </datafield>
    <datafield tag="300" ind1=" " ind2=" ">
      <subfield code="a">16 hlm.;</subfield>
    </datafield>
    <datafield tag="500" ind1=" " ind2=" ">
      <subfield code="a">Keluarga Indonesia sebagai institusi terkecil dari dari masyarakat menghadapi beberapa permasalahan.  Permasalahan tersebut antara lain kemiskinan, angka kematian ibu dan anak, pengangguran, dan lain sebagainya.  Salah satu upaya yang dapat dilakukan untuk melaksanakannya adalah dengan mengembangkan Pusat Pelayanan Keluarga Sejahtera (PPKS) di kampung Keluarga Berencana (KB), khususnya di provinsi Banten.  &#13;
          Berbicara mengenai PPKS, proyek perubahan ini mempunya beberapa tujuan yang terbagi ke dalam tiga tahapan.  Tujuan yang digolongkan ke dalam tahapan jangka pendek antara lain pemetaan para stakeholder yang terlibat dalam Pengembangan Pusat Pelayanan Keluarga Sejahtera (PPKS) di kampung KB di provinsi Banten, sosialisasi dan pembentukan PPKS di kampung KB, dan lain sebagainya.  Tujuan yang digolongkan ke dalam tahapan jangka menengah antara lain terbentuknya tiga pusat PPKS di lingkungan kampung KB di provinsi Banten, meningkatnya dukungan stakeholder dan mitra kerja di berbagai tingkatan dalam pembentukan dan pengembangan PPKS tersebut, dan lain sebagainya.  Tahapan jangka panjangnya antara lain menurunkan angka kematian ibu dan bayi, meningkatkan angka partisipasi sekolah, dan lain sebagainya.  Perubahan tersebut dapat memberikan beberapa manfaat, antara lain dapat dijadikan sebagai model revitalisasi berbasis keluarga dan masyarakat.</subfield>
    </datafield>
    <datafield tag="650" ind1=" " ind2=" ">
      <subfield code="a">Pelayanan</subfield>
    </datafield>
  </record>
</collection>
